01160 a2200229 4500003000500000005001700005010001600022020001400038040000900052082001200061100002800073245004200101260002200143300003300165505051900198650001300717700002600730740001300756942002100769999001900790952012100809Nust20221125095258.0 a 84021803 a47104640x cNust00a530,BAL1 a Ballif , Jae R910356610aConceptual physics / c Jae .R Ballif a New Yorkb Wiley axx, 637 p. :bill. ;c25 cm. aThe First Law of Motion and the Special Principle of Relativity (Page-1), The Second Law of Motion (Page-63), The Third Law of Motion (Page-99), Gravitational Interactions (Page-121), Further Applications of the Laws of Force and Motions (Page-177), Conservation of Energy (Page-237), Molecular Order and Chaos (Page-275), Electric Charge and Fields (Page-309), Waves (Page-351), Modern Relativity (Page-391), Quantum Physics (Page-447), The Nuclear Forces (Page-493), System of the World , Modern View (Page-531). 0aPhysics.1 aHewitt, Paul G.988110 aPhysics. 2ddccBKk530,BAL c181695d181695 00102ddc4070aMCSbMCScGENd2016-12-12o530,BALpMCS6107r2016-12-08w2016-12-12yBKzAlmirah No. 15 Shelf No. 1